| 000 | 01117nam a22002895a 4500 | ||
|---|---|---|---|
| 999 |
_c27179 _d27151 |
||
| 003 | EG-ScBUE | ||
| 005 | 20190218145338.0 | ||
| 008 | 190218s2016 ua fr 000 0 ara d | ||
| 017 | _a2015 / 3112 | ||
| 020 | _a9789777355022 | ||
| 020 | _a9789773565022 | ||
| 040 |
_aEG-ScBUE _bara _cEG-ScBUE _dEG-ScBUE |
||
| 082 | 0 | 4 |
_a363.325 _bس ر ا _222 |
| 100 | 1 | _aسراج الدين، إسماعيل. | |
| 245 | 1 | 2 |
_aالثقافة و مواجهة الإرهاب : _bرؤية ثقافية لمجابهة العنف و التطرف الديني / _cإسماعيل سراج الدين. |
| 250 | _aط. 1. | ||
| 260 |
_aالجيزة، مصر : _bهلا للنشر والتوزيع، _c2016. |
||
| 300 |
_a168 ص. ؛ _c24 سم. |
||
| 650 | 7 |
_aالإرهاب _xمكافحة. _2BUEsh |
|
| 650 | 7 |
_aالثقافة _xجوانب اجتماعية. _2BUEsh _921152 |
|
| 650 | 7 |
_aالثقافة _xجوانب سياسية. _2BUEsh |
|
| 650 | 7 |
_aالإرهاب _xجوانب اجتماعية. _2BUEsh _921152 |
|
| 650 | 7 |
_aالتطرف الديني _2BUEsh |
|
| 651 | _2BUEsh | ||
| 653 |
_bBUSBOL _bCOMAME _cFebruary2019 |
||
| 942 | _2ddc | ||